| 000 | 00804nam a2200253Ia 4500 | ||
|---|---|---|---|
| 003 | OSt | ||
| 005 | 20221002045147.0 | ||
| 006 | a|||||r|||| 00| 0 | ||
| 007 | ta | ||
| 008 | 220930b |||||||| |||| 00| 0 eng d | ||
| 020 |
_a9780748621361 (pbk) _c1860.85 |
||
| 024 | _a1144 | ||
| 037 |
_bIN1526, 19/01/2009, Adity Books Pvt. Ltd. _cReference Collections |
||
| 040 |
_aCRL _cCRL _beng |
||
| 041 |
_2eng _aeng |
||
| 082 | _aP:7g, P7(RR) | ||
| 100 |
_aEarnshaw Steven Ed. _9570181 |
||
| 245 | 0 | _aHandbook of creative writing | |
| 260 |
_aEdinburgh _bEdinburgh University Press _c2007 |
||
| 300 |
_aix, 485p. _ccm. |
||
| 650 | _aLINGUISTICS | ||
| 942 |
_hP:7g, P7(RR) _cref _2CC |
||
| 999 |
_c911899 _d911899 |
||